[Event "Chessable Masters Div 3 L"]
[Site "chess.com INT"]
[Date "2023.04.06"]
[Round "7.3"]
[White "Bluebaum, Matthias"]
[Black "Sarana, Alexey"]
[Result "1/2-1/2"]
[WhiteTitle "GM"]
[BlackTitle "GM"]
[WhiteElo "2660"]
[BlackElo "2685"]
[WhiteFideId "24651516"]
[BlackFideId "24133795"]
[EventDate "2023.04.04"]
[EventType "k.o."]

1. d4 Nf6 2. Nf3 d5 3. e3 e6 4. Bd3 Bd6 5. O-O b6 6. b3 Bb7 7. c4 O-O 8. cxd5
exd5 9. Ba3 c5 10. Nc3 Nbd7 11. Nb5 Be7 12. Rc1 Ne4 13. dxc5 bxc5 14. Nd2 Nxd2
15. Qxd2 a6 16. Nc3 Qa5 17. Bb2 d4 18. exd4 cxd4 19. Ne4 Qxd2 20. Nxd2 Ne5 21.
Bf5 Bb4 22. Nc4 Nc6 23. Rfd1 Rad8 24. h3 Rfe8 25. a3 Bf8 26. b4 g6 27. Bg4 Bh6
28. Rb1 d3 29. Bf6 Rd5 30. Bc3 Nd4 31. Rxd3 Nb5 32. Rxd5 Bxd5 33. Bd2 Nxa3 34.
Ra1 Bxd2 35. Nxd2 Nc2 36. Rxa6 Nxb4 37. Rd6 Be6 38. Bf3 Kg7 39. h4 h5 40. Kh2
Re7 41. Be4 Rd7 42. Rxd7 Bxd7 43. Kg3 Na6 44. Kf4 Kf6 45. Bc2 Nc5 46. Ke3 Bc6
47. f3 Bb7 48. Kd4 Ne6+ 49. Ke3 Nc5 50. Bb1 Bc6 51. Ba2 Bb7 52. Kd4 Ne6+ 53. Ke3
Bc6 54. Bc4 Bb7 55. Nb3 Bc6 56. Bxe6 fxe6 57. Nd4 Bd5 58. Ne2 e5 59. Nc3 Bc6 60.
Nd1 Kf5 61. Nf2 Ba8 62. Nh1 Bb7 63. Ng3+ Kf6 64. Kd3 g5 65. hxg5+ Kxg5 66. Ke3
h4 67. Ne2 Kf5 68. Nc3 Bc6 69. Nd1 Bb7 70. Nf2 Ba6 71. Ne4 Bf1 72. g3 h3 73. g4+
Kg6 74. Kf2 Bd3 75. Kg3 Be2 76. Nd2 h2 77. Kxh2 e4 78. fxe4 Bxg4 79. Kg3 Kg5 80.
Nc4 Bd7 81. Nd6 Bc6 82. e5 Bd5 83. Nb5 Kf5 84. Nd4+ Kxe5 1/2-1/2

[Event "Chessable Masters Div 3 L"]
[Site "chess.com INT"]
[Date "2023.04.06"]
[Round "8.1"]
[White "Vokhidov, Shamsiddin"]
[Black "Sarana, Alexey"]
[Result "0-1"]
[WhiteTitle "GM"]
[BlackTitle "GM"]
[WhiteElo "2601"]
[BlackElo "2685"]
[WhiteFideId "14204223"]
[BlackFideId "24133795"]
[EventDate "2023.04.04"]
[EventType "k.o."]

1. e4 c5 2. Nf3 d6 3. Bb5+ Nd7 4. a4 Nf6 5. Nc3 g6 6. d4 cxd4 7. Nxd4 Bg7 8. Be3
O-O 9. O-O Qc7 10. a5 a6 11. Be2 b5 12. axb6 Nxb6 13. Nb3 Nc4 14. Bxc4 Qxc4 15.
Ra4 Qc7 16. Qd3 Be6 17. Nd4 Ng4 18. Nxe6 fxe6 19. Bd4 Bxd4 20. Qxd4 Rfb8 21. h3
Nf6 22. Rfa1 e5 23. Qd3 Rxb2 24. Rxa6 Rxa6 25. Rxa6 Kg7 26. g3 Qc5 27. Ra4 h5
28. Rc4 Qa7 29. Kg2 h4 30. g4 Qb7 31. g5 Nh5 32. Ne2 Rb1 33. Qd5 Qd7 34. Qd2 Qd8
35. Qc3 Qa8 36. Rb4 Ra1 37. Qc7 Ra7 38. Qb8 Qxb8 39. Rxb8 Ra1 40. Kf3 Rh1 41.
Kg2 Re1 42. Kf3 Kf7 43. Rh8 Rh1 44. Kg2 Rd1 45. Kf3 Rd2 46. c3 Rc2 47. Ke3 Ra2
48. f4 Ng3 49. Nc1 Rc2 50. Nd3 exf4+ 51. Nxf4 Rxc3+ 52. Kd4 Rf3 53. Nd5 e5+ 54.
Kc4 Nxe4 55. Rh7+ Ke6 56. Nc7+ Kf5 57. Rxh4 Rc3+ 0-1

[Event "Chessable Masters Div 3 L"]
[Site "chess.com INT"]
[Date "2023.04.06"]
[Round "8.2"]
[White "Sarana, Alexey"]
[Black "Vokhidov, Shamsiddin"]
[Result "1/2-1/2"]
[WhiteTitle "GM"]
[BlackTitle "GM"]
[WhiteElo "2685"]
[BlackElo "2601"]
[WhiteFideId "24133795"]
[BlackFideId "14204223"]
[EventDate "2023.04.04"]
[EventType "k.o."]

1. d4 Nf6 2. c4 e6 3. Nc3 Bb4 4. Qc2 d5 5. a3 Bxc3+ 6. Qxc3 O-O 7. Nf3 b6 8. Bg5
Nbd7 9. cxd5 exd5 10. e3 h6 11. Qc6 Bb7 12. Bxf6 Qc8 13. Qc2 Nxf6 14. Rc1 Qe6
15. b4 a5 16. Bd3 axb4 17. axb4 c6 18. O-O Ne4 19. Ne5 Rfc8 20. Bxe4 dxe4 21.
Qxe4 f6 22. Qg6 c5 23. bxc5 bxc5 24. Ng4 Kh8 25. Nxh6 gxh6 26. Qxh6+ Kg8 27.
Qg6+ Kf8 28. Qh6+ Ke7 29. Qg7+ Qf7 30. Qxf7+ Kxf7 31. Rxc5 Rxc5 32. dxc5 Rc8 33.
Rc1 Rg8 34. c6 Rc8 35. c7 Ke6 36. f3 Kd6 37. h4 Rxc7 38. Rxc7 Kxc7 39. h5 Bd5
40. h6 Bg8 41. g4 Kd6 42. Kf2 Ke6 43. Kg3 Kf7 44. e4 Kg6 45. f4 Kxh6 46. g5+
fxg5 47. fxg5+ Kxg5 48. e5 Kf5 49. e6 Kxe6 1/2-1/2